| 000 | 00594nam a2200229Ia 4500 | ||
|---|---|---|---|
| 003 | OSt | ||
| 005 | 20241104151306.0 | ||
| 008 | 210324s9999||||xx |||||||||||||| ||und|| | ||
| 040 | _cSTCPL | ||
| 041 | _aMAL | ||
| 082 |
_aM1 _bDEV-P |
||
| 100 |
_a Dev, K. V. _qകെ. വി. ദേവ് |
||
| 245 | 0 |
_aPalunku meta / _cby K. V. Dev _hപളുങ്കുമേട |
|
| 260 |
_aKottayam : _bAuthor , _c1964 . |
||
| 300 |
_a48 p. _bPB |
||
| 650 | _aMalayalam literature | ||
| 650 | _aPoem | ||
| 650 | _aMalayalam literature | ||
| 650 | _aPalunku meta | ||
| 942 | _cBK | ||
| 942 | _2ddc | ||
| 999 |
_c16177 _d16177 |
||